| 000 | 01055nac a22003257a 4500 | ||
|---|---|---|---|
| 001 | BR2010002211 | ||
| 003 | BR-BrBNA | ||
| 005 | 20240105123833.0 | ||
| 008 | 230509b bl.|||m| |||| 00| 0 por d | ||
| 040 |
_aBR-BrBNA _bpor _cBiblioteca Nacional de Agricultura |
||
| 072 | _aL01 | ||
| 090 | _a5214 BR2010002211 | ||
| 100 | 1 | _aLemos, P.F.B. de A. | |
| 100 | 1 | _aLeite, S.V. de F. | |
| 100 | 1 | _aFernandes, F.G. | |
| 100 | 1 | _aGuedes, P.L.C. | |
| 110 | 1 | _aEmpresa Estadual de Pesquisa Agropecuária da Paraiba S.A., João Pessoa (Brasil) | |
| 245 | 1 | _aManejo de bovinos leiteiros | |
| 260 | 3 |
_aJoão Pessoa, PB (Brasil): _c2009. |
|
| 300 | _a80 p. | ||
| 490 |
_aDocumentos - Empresa Estadual de Pesquisa Agropecuária da Paraíba S.A. (Brazil) _vno. 58 _xISSN 0102-0919 |
||
| 500 | _a6 tables; 12 illus.; 24 ref. | ||
| 650 | _aGADO LEITEIRO | ||
| 650 | _aMANEJO | ||
| 650 | _aSANIDADE ANIMAL | ||
| 650 | _aREPRODUÇÃO ANIMAL | ||
| 650 | _aNUTRIÇÃO ANIMAL | ||
| 909 |
_a202312 _bLúcia Elande _c55 _dLúcia Elande |
||
| 942 |
_2AGRIS _n0 _cMS |
||
| 999 |
_c297200 _d297200 |
||